| 000 | 00396nam a22001577a 4500 | ||
|---|---|---|---|
| 003 | LK-CoDNM | ||
| 005 | 20240919112910.0 | ||
| 008 | 240814b |||||||| |||| 00| 0 eng d | ||
| 040 |
_aLK-CoDNM _dLK-CoDNM _eLK-CoDNM |
||
| 041 | _aeng | ||
| 080 | _bGP1877 | ||
| 245 | _aLaws of sri lanka an index -1877 | ||
| 260 |
_aColombo _bGoverment printer _c1877 |
||
| 300 | _b 142p. : 24 cm | ||
| 942 | _cBK | ||
| 999 |
_c147607 _d147607 |
||